000
00313nam a22001337a 4500
008
180115b xxu||||| |||| 00| 0 eng d
020
_a
0710005881
041
_a
eng
080
_a
101
100
_a
24
101
_a
FIL
245
_a
The Metaphysical Foundations of Modern Science
_c
Burtt, E.A
942
_2
udc
_c
BK
999
_c
40302
_d
40302